000 00223nam a2200097Ia 4500
008 240331s9999 xx 000 0 und d
082 _bRAJ
100 _aRajanarayanan, K
245 0 _aNattuppura palliyal kathaikal
942 _cL
999 _c3654
_d3654